01290cam a2200325 a 4500003000400000005001700004008004100021010001700062020001800079040001800097042000900115043001200124050002500136100001800161245007800179260003500257300002900292521000800321526000900329610009500338610004100433610004200474650008000516650008800596650006500684650006800749650004600817650005400863651004700917OSt20140310184437.0920921s1993 nyuaf j b 001 0 eng  a 92036622  a9780590451222 aDLCcDLCdDLC alcac an-usp--00aE 185.925b.C65 19931 aCox, Clinton.14aThe forgotten heroes :bthe story of the Buffalo Soldiers /cClinton Cox. aNew York :bScholastic,c1993. a174 p. :bill. ;c19 cm. aG12 c114010aUnited States.bArmyxAfrican American troopsxHistoryy19th centuryvJuvenile literature.11aUnited States.bArmy.bCavalry, 9th.11aUnited States.bArmy.bCavalry, 10th. 0aAfrican AmericanszWest (U.S.)xHistoryy19th centuryvJuvenile literature. 0aAfrican American soldierszWest (U.S.)xHistoryy19th centuryvJuvenile literature. 0aFrontier and pioneer lifezWest (U.S.)vJuvenile literature. 0aIndians of North AmericaxWarsy1866-1895vJuvenile literature. 1aAfrican AmericansxHistoryy19th century. 1aAfrican American soldiersxHistoryy19th century. 0aWest (U.S.)xHistoryvJuvenile literature.